000 00444nam a2200181Ia 4500
001 4087
005 20260306145730.0
008 260306t2008||||xx |||||||||||||| ||spa||
041 _aESP
082 _a306.85
_bH12 Nº 52
100 _aArtola González, Teresa
_eAUT
245 0 _aSituaciones cotidianas de 0 a 6 años
260 _c2008
300 _a279 páginas :
_c19 cm.
650 _aGEN
654 _aCED
942 _cLIB
_dJUS
_fJUS
_2ddc
_n
999 _c4087
_d4087